| 000 | 01368nam0a2200373 4500 | ||
|---|---|---|---|
| 001 | RU\NLR\bibl\1493295 | ||
| 005 | 20250616013456.0 | ||
| 010 |
_a978-5-699-36217-2 _92000 |
||
| 021 |
_aRU _b2010-14869 _9101д/2010 |
||
| 035 | _a(nilc)RSL-KNO-004594629 | ||
| 035 | _a(NLR Aleph) 001484835 | ||
| 090 |
_a1726464 _c1726465 |
||
| 100 | _a20100304d2010 |||y0rusy50 ca | ||
| 101 | 1 |
_arus _aeng _ceng |
|
| 102 | _aRU | ||
| 105 | _ay ||||||||| | ||
| 200 | 1 |
_aОбман в науке _fБен Голдакр _g[пер. с англ. и ред. Е. В. Кокоревой] |
|
| 210 |
_aМосква _cЭксмо _d2010 |
||
| 215 |
_a366, [1] с. _cил. _d22 |
||
| 225 | 1 | _aОткрытия, которые потрясли мир | |
| 300 | _aЗагл. и авт. ориг.: Bad science / Ben Goldacre | ||
| 320 | _aБиблиогр. в примеч.: с. 352-367 | ||
| 454 | 0 |
_12001#$aBad science$fBen Goldacre _1700#1$aGoldacre$bB.$gBen$4070 _tBad science _aGoldacre, Ben |
|
| 606 | 1 |
_aМедицина _jПопулярные издания _9892737 _3RU\NLR\auth\662895 |
|
| 686 |
_aР.я9 _2rubbk |
||
| 686 | _aР.я9 | ||
| 700 | 1 |
_aГолдакр _bБ. _gБен _4070 |
|
| 801 | 0 |
_aRU _bРГБ _c20100304 _grcr |
|
| 801 | 1 |
_aRU _bРГБ _c20100304 |
|
| 801 | 2 |
_aRU _bNLR _c20100401 _grcr |
|
| 830 | _aавт. по кн. | ||
| 942 | _cBOOK | ||
| 980 | _aNB | ||